Statistics, A Fresh Approach, (Record no. 5268)
[ view plain ]
| 005 - DATE AND TIME OF LATEST TRANSACTION | |
|---|---|
| control field | 20250626093623.0 |
| 020 ## - INTERNATIONAL STANDARD BOOK NUMBER | |
| International Standard Book Number | 0-07-054881-1 |
| 082 ## - DEWEY DECIMAL CLASSIFICATION NUMBER | |
| Classification number | 519.5 SAN. |
| 100 ## - MAIN ENTRY--PERSONAL NAME | |
| Author name | SANDERS, H. D. |
| 245 ## - TITLE STATEMENT | |
| Title | Statistics, A Fresh Approach, |
| 250 ## - EDITION STATEMENT | |
| Edition statement | 4th Ed. |
| 260 ## - PUBLICATION, DISTRIBUTION, ETC. | |
| Place of publication, distribution, etc. | New York, |
| Name of publisher, distributor, etc. | Mc Graw Hill Companies, |
| Date of publication, distribution, etc. | 1990. |
| 300 ## - PHYSICAL DESCRIPTION | |
| Extent | xix.; 697p.; Ill.; picture, |
| Other physical details | Index, |
| Dimensions | 24cm. |
| 942 ## - ADDED ENTRY ELEMENTS (KOHA) | |
| Source of classification or shelving scheme | Dewey Decimal Classification |
| Koha item type | Books |
| Date last seen | Total checkouts | Full call number | Barcode | Cost, replacement price | Price effective from | Koha item type | Lost status | Source of classification or shelving scheme | Damaged status | Not for loan | Withdrawn status | Home library | Current library | Shelving location | Date acquired | Cost, normal purchase price |
|---|---|---|---|---|---|---|---|---|---|---|---|---|---|---|---|---|
| 06/26/2025 | 519.5 SAN. | DOM0001028 | 255000.00 | 06/26/2025 | Books | Dewey Decimal Classification | CBE Dodoma | CBE Dodoma | General Collection | 04/06/2009 | 85000.00 |
